| 000 | 00535nam a2200193Ia 4500 | ||
|---|---|---|---|
| 003 | OSt | ||
| 005 | 20250301091701.0 | ||
| 008 | 210210b1969 xxu||||| |||| 00| 0 eng d | ||
| 040 | _cAL | ||
| 082 | _aH891.2 MATP | ||
| 100 |
_aMATHUR (Jagadishchandr): _9203109 |
||
| 110 |
_bमाथुर जगदीशचन्दर _9203110 |
||
| 245 |
_aPahala raja: _bपहाला राजा |
||
| 260 |
_aMathur _bRadhakrashn Prakashan _c1969 |
||
| 300 | _a117 | ||
| 690 |
_aHindi Drama _9203111 |
||
| 906 | _a029244 | ||
| 942 |
_2ddc _cBK |
||
| 999 |
_c80465 _d80465 |
||